International Financial Mgt. (Record no. 1576)

MARC details
000 -LEADER
fixed length control field 00418nam a22001697a 4500
005 - DATE AND TIME OF LATEST TRANSACTION
control field 20180718150816.0
008 - FIXED-LENGTH DATA ELEMENTS--GENERAL INFORMATION
fixed length control field 160524b xxu||||| |||| 00| 0 eng d
020 ## - INTERNATIONAL STANDARD BOOK NUMBER
ISBN 978-0-07-22136-1
041 ## - LANGUAGE CODE
Language code of text/sound track or separate title eng
082 ## - DEWEY DECIMAL CLASSIFICATION NUMBER
Item number 4662
Classification number 658.1599
100 ## - MAIN ENTRY--AUTHOR NAME
Personal name APTE, P.G.
245 ## - TITLE STATEMENT
Title International Financial Mgt.
260 ## - PUBLICATION, DISTRIBUTION, ETC. (IMPRINT)
Place of publication New Delhi
Name of publisher Academic Faundation
300 ## - PHYSICAL DESCRIPTION
Number of Pages 686p,
650 ## - SUBJECT ADDED ENTRY--TOPICAL TERM
Topical Term Management
942 ## - ADDED ENTRY ELEMENTS (KOHA)
Koha item type Books
Holdings
Lost status Damaged status Collection code Home library Current library Shelving location Date acquired Cost, normal purchase price Full call number Accession Number Koha item type
    MANAGEMENT JRU Library JRU Library SHELF-32-H 24/05/2016 395.00 658.1599 4662 Books
    MANAGEMENT JRU Library JRU Library SHELF-32-H 24/05/2016 395.00 658.1599 4663 Books
    MANAGEMENT JRU Library JRU Library SHELF-32-H 24/05/2016 395.00 658.1599 4664 Books
    MANAGEMENT JRU Library JRU Library SHELF-32-H 24/05/2016 395.00 658.1599 4665 Books
    MANAGEMENT JRU Library JRU Library SHELF-32-H 24/05/2016 395.00 658.1599 4666 Books
    Reference JRU Library   SHELF-30-B 24/05/2016 395.00 658.1599 4667 Books
    MANAGEMENT JRU Library JRU Library SHELF-32-H 24/05/2016 395.00 658.1599 4668 Books
    MANAGEMENT JRU Library JRU Library SHELF-32-H 24/05/2016 395.00 658.1599 4669 Books
    MANAGEMENT JRU Library JRU Library SHELF-60-J 24/05/2016 395.00 658.1599 4670 Books